000 00403nam a2200145Ia 4500
008 210210b1969 xxu||||| |||| 00| 0 eng d
020 _a04 170024 4
082 _a371.1 BARI
100 _aBARNES (Kenneth C).
245 _aInvolved man: action & reflection in the life of a teacher.
260 _aLondon.
_bGeorge Allen and Unwin Ltd.,
_c1969
300 _a246
690 _aEducation
906 _a028458
999 _c79704
_d79704